Cargando…

Thinking through French Philosophy : The Being of the Question /

For many, Jacques Derrida, Michel Foucault, and Gilles Deleuze represent one of the greatest movements in French philosophy. But these philosophers and their works did not materialize without a philosophical heritage. In Thinking through French Philosophy, Leonard Lawlor shows how the work of Mauric...

Descripción completa

Detalles Bibliográficos
Autor principal: Lawlor, Leonard, 1954-
Formato: Electrónico eBook
Idioma:Inglés
Publicado: Bloomington, IN : Indiana University Press, 2003.
Colección:Book collections on Project MUSE.
Temas:
Acceso en línea:Texto completo

MARC

LEADER 00000cam a22000004a 4500
001 musev2_49392
003 MdBmJHUP
005 20230905045130.0
006 m o d
007 cr||||||||nn|n
008 161213s2003 inu o 00 0 eng d
020 |a 9780253000651 
020 |z 9780253342256 
020 |z 9780253215918 
035 |a (OCoLC)1016604337 
040 |a MdBmJHUP  |c MdBmJHUP 
100 1 |a Lawlor, Leonard,  |d 1954- 
245 1 0 |a Thinking through French Philosophy :   |b The Being of the Question /   |c Leonard Lawlor. 
264 1 |a Bloomington, IN :  |b Indiana University Press,  |c 2003. 
264 3 |a Baltimore, Md. :  |b Project MUSE,   |c 2018 
264 4 |c ©2003. 
300 |a 1 online resource (232 pages). 
336 |a text  |b txt  |2 rdacontent 
337 |a computer  |b c  |2 rdamedia 
338 |a online resource  |b cr  |2 rdacarrier 
490 0 |a Studies in Continental thought 
505 0 |a If theory is gray, green is the golden tree of life : philosophy and non-philosophy since Hyppolite -- The chiasm and the fold : an introduction to the philosophical concept of archeology -- Eliminating some confusion : The relation of being and writing in Merleau-Ponty and Derrida -- The legacy of Husserl's "The origin of geometry" : the limits of phenomenology in Merleau-Ponty and Derrida -- The end of phenomenology : expressionism in Merleau-Ponty and Deleuze -- The end of ontology : interrogation in Merleau-Ponty and Deleuze -- The beginnings of post-modernism : phenomenology and Bergsonism, Derrida and Deleuze -- The beginnings of thought : the fundamental experience in Derrida and Deleuze. 
520 |a For many, Jacques Derrida, Michel Foucault, and Gilles Deleuze represent one of the greatest movements in French philosophy. But these philosophers and their works did not materialize without a philosophical heritage. In Thinking through French Philosophy, Leonard Lawlor shows how the work of Maurice Merleau-Ponty formed an important current in sustaining the development of structuralism and post-structuralism. Seeking the "point of diffraction," or the specific ideas and concepts that link Derrida, Foucault, and Deleuze, Lawlor discovers differences and convergences in these thinkers who worked the same terrain. Major themes include metaphysics, archaeology, language and documentation, expression and interrogation, and the very experience of thinking. Lawlor's focus on the experience of the question brings out critical differences in immanence and transcendence. This illuminating and provocative book brings new vitality to debates on contemporary French philosophy 
588 |a Description based on print version record. 
600 1 7 |a Merleau-Ponty, Maurice,  |d 1908-1961.  |2 rasuqam 
600 1 7 |a Foucault, Michel,  |d 1926-1984.  |2 rasuqam 
600 1 7 |a Derrida, Jacques,  |d 1930-2004.  |2 rasuqam 
600 1 7 |a Merleau-Ponty, Maurice  |d 1908-1961  |2 gnd 
600 1 7 |a Derrida, Jacques  |d 1930-2004  |2 gnd 
600 1 7 |a Deleuze, Gilles  |d 1925-1995  |2 gnd 
600 1 7 |a Merleau-Ponty, Maurice,  |d 1908-1961  |2 fast  |0 (OCoLC)fst00035769 
600 1 6 |a Merleau-Ponty, Maurice,  |d 1908-1961. 
600 1 0 |a Merleau-Ponty, Maurice,  |d 1908-1961. 
650 7 |a 1960-1969.  |2 rasuqam 
650 7 |a Structuralisme.  |2 rasuqam 
650 7 |a Poststructuralisme.  |2 rasuqam 
650 7 |a Philosophie française.  |2 rasuqam 
650 7 |a Ontologie.  |2 rasuqam 
650 1 7 |a Poststructuralisme.  |2 gtt 
650 7 |a Poststrukturalismus  |2 gnd 
650 7 |a Philosophie  |2 gnd 
650 7 |a Poststructuralism.  |2 fast  |0 (OCoLC)fst01073231 
650 7 |a Philosophy, French.  |2 fast  |0 (OCoLC)fst01060959 
650 7 |a PHILOSOPHY  |x Movements  |x Phenomenology.  |2 bisacsh 
650 7 |a PHILOSOPHY  |x History & Surveys  |x Modern.  |2 bisacsh 
650 7 |a post-structuralism.  |2 aat 
650 6 |a Philosophie française  |y 20e siecle. 
650 6 |a Poststructuralisme. 
650 0 |a Philosophy, French  |y 20th century. 
650 0 |a Poststructuralism. 
651 7 |a Frankreich  |2 gnd 
655 7 |a Electronic books.   |2 local 
710 2 |a Project Muse.  |e distributor 
830 0 |a Book collections on Project MUSE. 
856 4 0 |z Texto completo  |u https://projectmuse.uam.elogim.com/book/49392/ 
945 |a Project MUSE - Custom Collection 
945 |a Project MUSE - Archive Complete Supplement VI 
945 |a Project MUSE - Archive Philosophy and Religion Supplement VI